000 00574nam a2200157 i 4500
001 39012
003 ES-MaACL
005 20230906155855.0
007 t|
008 030227s1898 sp ||||1| spa d
100 1 _aCalpena y Avila, Luis.
_933783
245 1 3 _aEl Dos de Mayo
_b: oración sagrada pronunciada con motivo de los solemnes cultos que en igual día del año 1898 celebró el Ayuntamiento de Madrid, en la Santa Iglesia Catedral /
_cpor Luis Calpena y Avila.
260 _aMadrid :
_b[s.n.],
_c1898.
300 _a30 p. ;
_c23 cm.
852 _aES-MaACL
_jT-792-F-5
999 _c39012
_d39012